[Event "QA-ANNIV-05"]
[Site "http://www.queenalice.com/game.php?id=604148"]
[Date "2009.6.15"]
[Round "1"]
[White "gardez2005"]
[Black "AntonFleig"]
[Result "1/2-1/2"]
[WhiteElo "1905"]
[BlackElo "2008"]

1. d4 d5 2. c4 c6 3. Nf3 Nf6 4. Nc3 dxc4 5. a4 Bf5 6. Ne5 Nbd7 7. Nxc4 Qc7 8. g3
e5 9. dxe5 Nxe5 10. Bf4 Nfd7 11. Bg2 Bc5 12. O-O O-O 13. Qc1 Be6 14. Nxe5 Nxe5
15. Ne4 Bb4 16. Rd1 Rfd8 17. Rxd8+ Rxd8 18. Ng5 Bd6 19. Bxe5 Bxe5 20. Qc2 g6 21.
Nxe6 fxe6 22. Rc1 Qb6 23. b3 Kf7 24. Kf1 Qd4 25. Be4 a6 26. Bd3 1/2-1/2

[Event "arvo1938-2"]
[Site "http://www.queenalice.com/game.php?id=621619"]
[Date "2009.7.19"]
[Round "3"]
[White "AntonFleig"]
[Black "kasker"]
[Result "1/2-1/2"]
[WhiteElo "2019"]
[BlackElo "2397"]

1. Nf3 Nf6 2. c4 e6 3. Nc3 b6 4. g3 Bb7 5. Bg2 Be7 6. O-O O-O 7. d4 d5 8. cxd5
exd5 9. Qc2 Nbd7 10. Bg5 Re8 11. Rac1 c5 12. e3 Ne4 13. Bxe7 Qxe7 14. dxc5 bxc5
15. Nxe4 dxe4 16. Nd2 Rad8 17. Rfd1 Bd5 18. Nb3 Bxb3 19. Qxb3 Rb8 20. Qc3 Nf6
21. b3 Rec8 22. Qc4 Rc7 23. Rd2 Rb4 24. Qc3 h6 25. Bh3 a5 26. Rcd1 c4 27. Rc1
Kh7 28. bxc4 Rbxc4 29. Qxc4 Rxc4 30. Rxc4 Qb7 31. Rdd4 g6 32. a4 Qb1+ 33. Kg2
Kg7 34. Rc7 Qb6 35. Rdc4 Nd5 36. Rd7 Nb4 37. Rcc7 Qf6 38. Rxf7+ Qxf7 39. Rxf7+
Kxf7 40. Bd7 Ke7 41. Bb5 Kd6 42. Be8 g5 43. Bg6 Ke5 44. f4+ exf3+ 45. Kxf3 Nd5
46. h4 gxh4 47. gxh4 Nf6 48. Bd3 Nd5 49. e4 Nc3 1/2-1/2

[Event "QA-ANNIV-04"]
[Site "http://www.queenalice.com/game.php?id=644218"]
[Date "2009.8.29"]
[Round "6"]
[White "silverhawks"]
[Black "AntonFleig"]
[Result "1-0"]
[WhiteElo "2189"]
[BlackElo "2035"]

1. d4 Nf6 2. c4 e6 3. Nc3 Bb4 4. Bd2 O-O 5. a3 Bxc3 6. Bxc3 Ne4 7. Qc2 Nxc3 8.
bxc3 b6 9. Nf3 Qf6 10. e4 Bb7 11. Bd3 d6 12. O-O e5 13. a4 Nc6 14. Qb2 Rab8 15.
Rab1 Rbe8 16. Rfe1 Re7 17. Ra1 Na5 18. Re3 c5 19. d5 Bc8 20. Nd2 Bd7 21. Rg3 Qf4
22. Nf1 f5 23. Nd2 Ref7 24. Re1 Bxa4 25. exf5 Bd7 26. Ne4 Nb7 27. Ng5 Bxf5 28.
Bxf5 Qxf5 29. Nxf7 Rxf7 30. Rf3 Qg4 31. Rxf7 Kxf7 32. Qb5 Na5 33. f4 Kf6 34. Qe8
Nxc4 35. fxe5+ dxe5 36. d6 1-0

[Event "arvo1938-2"]
[Site "http://www.queenalice.com/game.php?id=670391"]
[Date "2009.10.21"]
[Round "4"]
[White "Nille"]
[Black "AntonFleig"]
[Result "0-1"]
[WhiteElo "1809"]
[BlackElo "2025"]

1. e4 e5 2. Nf3 Nf6 3. d3 Nc6 4. Nc3 Bb4 5. Bd2 d5 6. exd5 Nxd5 7. Nxd5 Qxd5 8.
Be2 O-O 9. c3 Be7 10. O-O Rd8 11. Re1 Bf5 12. c4 Qd6 13. Qb3 b6 14. h3 a5 15. a4
Rd7 16. Bg5 Bxg5 17. Nxg5 Qg6 18. Bf3 Nd4 19. Qd1 Re8 20. Ne4 Bxh3 21. Ng3 Nxf3+
22. Qxf3 Be6 23. d4 exd4 24. Rad1 Red8 25. Ne2 Bg4 26. Qf4 d3 27. Nc3 Bxd1 28.
Nxd1 d2 29. Re2 Qb1 30. Qf3 Qxd1+ 31. Kh2 Qxa4 0-1

[Event "QA-ANNIV-04"]
[Site "http://www.queenalice.com/game.php?id=695050"]
[Date "2009.12.9"]
[Round "7"]
[White "AntonFleig"]
[Black "deep"]
[Result "1-0"]
[WhiteElo "2032"]
[BlackElo "2010"]

1. e4 c5 2. Nf3 d6 3. d4 cxd4 4. Qxd4 Nc6 5. Bb5 Bd7 6. Bxc6 Bxc6 7. O-O Nf6 8.
Nc3 e5 9. Qd3 Be7 10. Be3 Qc7 11. Rfd1 Rd8 12. Rd2 b6 13. Rad1 Qb7 14. Nxe5 Bxe4
15. Qb5+ Nd7 16. Nxe4 Qxe4 17. Nc4 a6 18. Qxa6 O-O 19. Nxb6 Ne5 20. Nd5 1-0

[Event "QA-ANNIV-05"]
[Site "http://www.queenalice.com/game.php?id=723805"]
[Date "2010.2.1"]
[Round "3"]
[White "zhiii00"]
[Black "AntonFleig"]
[Result "1-0"]
[WhiteElo "2032"]
[BlackElo "2047"]

1. d4 d5 2. c4 c6 3. Nc3 Nf6 4. Nf3 e6 5. Bg5 h6 6. Bh4 Be7 7. e3 b6 8. Bd3 O-O
9. O-O dxc4 10. Bxc4 Bb7 11. Rc1 c5 12. Qe2 cxd4 13. exd4 Nc6 14. Rfd1 Na5 15.
Bb5 a6 16. Bd3 Qd7 17. h3 b5 18. Bxf6 Bxf6 19. Ne5 Qxd4 20. Bh7+ Kxh7 21. Rxd4
Rad8 22. Rcd1 1-0

[Event "QA-ANNIV-05"]
[Site "http://www.queenalice.com/game.php?id=758933"]
[Date "2010.4.10"]
[Round "4"]
[White "AntonFleig"]
[Black "razoman"]
[Result "1-0"]
[WhiteElo "2030"]
[BlackElo "1922"]

1. e4 c5 2. Nf3 Nc6 3. Bb5 a6 4. Bxc6 bxc6 5. c4 d5 6. Nc3 d4 7. Ne2 Bg4 8. Ne5
Bh5 9. Qa4 Nf6 10. Qxc6+ Nd7 11. Nxd7 Qxd7 12. Qxa8+ Qd8 13. Qxa6 e5 14. Qb5+
Qd7 15. Qxd7+ Kxd7 16. d3 Be7 17. Ng3 Bg6 18. O-O h5 19. f4 f6 20. f5 Bf7 21. h4
Rb8 22. Ne2 Bd8 23. Rf3 Ba5 24. b3 Be1 25. Ba3 Bxh4 26. Bxc5 Bg5 27. b4 Kc6 28.
a4 Bd2 29. Rb1 h4 30. Rh3 Bg5 31. a5 Bh5 32. Nc1 Bg4 33. Rh2 Rh8 34. a6 Bf4 35.
a7 Bxh2+ 36. Kxh2 Kb7 37. b5 h3 38. b6 hxg2+ 39. Kxg2 Bh5 40. Nb3 Be2 41. Na5+
1-0

[Event "QA-ANNIV-04"]
[Site "http://www.queenalice.com/game.php?id=762140"]
[Date "2010.4.16"]
[Round "8"]
[White "PawnOne"]
[Black "AntonFleig"]
[Result "0-1"]
[WhiteElo "1995"]
[BlackElo "2042"]

1. e4 e5 2. Nf3 Nc6 3. Bc4 Nf6 4. d3 Be7 5. Bg5 h6 6. Bh4 d6 7. O-O O-O 8. c3
Na5 9. Nbd2 Nxc4 10. dxc4 c6 11. b3 Bg4 12. Qe1 Qb6 13. h3 Bh5 14. b4 Rad8 15.
a4 Bxf3 16. Nxf3 a5 17. b5 Qc5 18. Nd2 Ra8 19. Qe2 cxb5 20. axb5 a4 21. Ra2 a3
22. Nb3 Qa7 23. Rfa1 Qa4 24. Rxa3 Qxa3 25. Rxa3 Rxa3 26. Qb2 Rc8 27. Qxa3 g5 28.
Bg3 Nxe4 29. Bxe5 Bf8 30. Bd4 Rxc4 31. Qa8 Nxc3 32. Bxc3 Rxc3 33. Nd4 Rc1+ 34.
Kh2 h5 35. Nf5 Rc5 36. Nxd6 Rd5 37. Nxb7 Rxb5 38. Qc8 Rd5 39. Qe8 Kg7 40. Nd8
Bd6+ 41. g3 Rf5 42. Kg2 Bc5 43. f3 Bb6 44. g4 hxg4 45. hxg4 Rf6 46. Nc6 Re6 47.
Qd7 Re2+ 48. Kg3 Be3 49. Qd3 Bf4+ 0-1

[Event "QA-ANNIV-06"]
[Site "http://www.queenalice.com/game.php?id=791102"]
[Date "2010.6.16"]
[Round "1"]
[White "AntonFleig"]
[Black "Tsol"]
[Result "1/2-1/2"]
[WhiteElo "2036"]
[BlackElo "2541"]

1. e4 e5 2. Nf3 Nc6 3. Bc4 Bc5 4. Nc3 Nf6 5. O-O d6 6. d3 h6 7. Na4 Bb6 8. Bd2
Bg4 9. Nxb6 axb6 10. h3 Bxf3 11. Qxf3 Nd4 12. Qd1 b5 13. Bb3 O-O 14. Bc3 Qd7 15.
Bxd4 exd4 16. Qf3 c5 17. a3 Rac8 18. Qg3 Rfe8 19. Rac1 c4 20. Ba2 Qc6 21. Rcd1
Ra8 22. f3 c3 23. Rb1 cxb2 24. Rxb2 Rxa3 25. Rfb1 b4 26. Bc4 b5 27. Bb3 Qc5 28.
Rf1 Nd7 29. Rbb1 Nb6 30. Qf4 Re7 31. Rf2 Raa7 32. Qg3 Kh7 33. Rd1 Ra3 34. Qf4 f6
35. Rb1 Na4 36. Qg4 Nc3 37. Re1 f5 38. Qh4 d5 39. e5 Ra6 40. Qf4 g6 41. g4 Rf6
42. Kg2 Rff7 43. g5 Re6 44. Qh4 h5 45. f4 Ra6 46. Rff1 Rfa7 47. Qf2 Kg7 48. Rh1
Ra8 49. Rhf1 Kf8 50. Qf3 Kf7 51. Kh2 Re8 52. Qf2 Re7 53. Ra1 Ra3 54. Rfe1 Re6
55. Rac1 Kg8 56. Kg2 1/2-1/2

[Event "QA-ANNIV-05"]
[Site "http://www.queenalice.com/game.php?id=793733"]
[Date "2010.6.23"]
[Round "5"]
[White "GMNeny"]
[Black "AntonFleig"]
[Result "1-0"]
[WhiteElo "1948"]
[BlackElo "2056"]

1. e4 e5 2. Nf3 Nc6 3. Bc4 Bc5 4. c3 Nf6 5. d4 exd4 6. cxd4 Bb4+ 7. Bd2 Nxe4 8.
Bxb4 Nxb4 9. Bxf7+ Kxf7 10. Qb3+ d5 11. Qxb4 c5 12. dxc5 Qe7 13. O-O b6 14. Nc3
Nf6 15. Qf4 Qxc5 16. Ne5+ Kg8 17. Nxd5 Qxd5 18. Rad1 Bb7 19. Rxd5 Bxd5 20. Rd1
1-0

[Event "QA-ANNIV-04"]
[Site "http://www.queenalice.com/game.php?id=808055"]
[Date "2010.7.24"]
[Round "9"]
[White "AntonFleig"]
[Black "Dogeval"]
[Result "0-1"]
[WhiteElo "2050"]
[BlackElo "2430"]

1. d4 d5 2. c4 e6 3. Nc3 Nf6 4. Bg5 Be7 5. Nf3 O-O 6. Qc2 Nc6 7. e3 h6 8. Bxf6
Bxf6 9. a3 Na5 10. cxd5 exd5 11. b4 Nc6 12. Bd3 Bg4 13. b5 Ne7 14. O-O Bxf3 15.
gxf3 Qd7 16. Ne2 Rac8 17. Rab1 c6 18. b6 Ra8 19. a4 axb6 20. Rxb6 Nc8 21. Rb2
Ra5 22. Bh7+ Kh8 23. Bf5 Qe7 24. Rfb1 Nd6 25. Rb4 g6 26. Bh3 Rb8 27. Bg2 Nc4 28.
Qc3 Qc7 29. f4 Kg8 30. R1b3 Be7 31. Rxc4 dxc4 32. Qxc4 Bd6 33. Nc3 g5 34. Ne4
gxf4 35. Nxd6 Qxd6 36. exf4 Rf5 0-1

[Event "QA-ANNIV-06"]
[Site "http://www.queenalice.com/game.php?id=836928"]
[Date "2010.9.23"]
[Round "2"]
[White "jagvg"]
[Black "AntonFleig"]
[Result "1-0"]
[WhiteElo "2340"]
[BlackElo "2050"]

1. d4 Nf6 2. Nf3 g6 3. Bg5 Bg7 4. Nbd2 O-O 5. e3 d6 6. Bc4 d5 7. Be2 c5 8. dxc5
Qa5 9. O-O Qxc5 10. Nb3 Qc7 11. Bf4 Qb6 12. c4 Rd8 13. c5 Qb4 14. Nfd4 Bd7 15.
a3 Qa4 16. Rc1 a6 17. Nd2 Qxd1 18. Rfxd1 Nc6 19. Nxc6 Bxc6 20. Bc7 Rdc8 21. Be5
e6 22. Rc3 Ba4 23. b3 Bd7 24. a4 Rc6 25. b4 Rcc8 26. a5 Rd8 27. Ra3 Rac8 28. Nf3
Bc6 29. Nd4 Be8 30. Bd3 Bd7 31. Ra2 Bc6 32. Raa1 Re8 33. Ra3 Re7 34. Nxc6 Rxc6
35. Bd6 Rd7 36. b5 axb5 37. Bxb5 Rdxd6 38. cxd6 Rxd6 39. Bd3 Nd7 40. Rc1 Bf8 41.
Ra4 Nf6 42. Rc8 Kg7 43. Bb5 h6 44. Rc7 Rd8 45. Rxb7 Ne4 46. Rc7 Rb8 47. Bf1 Rb1
48. Rc2 Nc5 49. Raa2 Bd6 50. a6 Nxa6 51. Rxa6 Bxh2+ 52. Kxh2 Rxf1 53. Ra7 g5 54.
g3 Kg6 55. Kg2 Rd1 56. Rcc7 1-0

[Event "QA-ANNIV-05"]
[Site "http://www.queenalice.com/game.php?id=841289"]
[Date "2010.10.3"]
[Round "6"]
[White "AntonFleig"]
[Black "Viper_SB"]
[Result "1-0"]
[WhiteElo "2048"]
[BlackElo "1664"]

1. e4 e5 2. Nf3 d6 3. d4 exd4 4. Nxd4 Nc6 5. Bb5 Bd7 6. O-O Nxd4 7. Bxd7+ Qxd7
8. Qxd4 Nf6 9. Be3 c5 10. Qd3 g6 11. Rd1 Rd8 12. Nc3 Bg7 13. e5 dxe5 14. Qc4 Qe7
15. Bxc5 Qe6 16. Qxe6+ fxe6 17. Rxd8+ Kxd8 18. Bxa7 Nd5 19. Rd1 Kd7 20. Nxd5
exd5 21. Rxd5+ Ke6 22. c4 Re8 23. Rb5 Re7 24. f3 g5 25. Be3 Bf6 26. Kf2 h5 27.
Rb6+ Kf5 28. g4+ hxg4 29. fxg4+ Kg6 30. h4 gxh4 31. g5 Rf7 32. Kg2 Kf5 33. gxf6
Rxf6 34. Rxf6+ Kxf6 35. b4 Ke6 36. a4 Kf5 37. b5 Ke4 38. Bg1 h3+ 39. Kxh3 Kf3
40. a5 e4 41. a6 e3 42. Bxe3 bxa6 43. bxa6 Kxe3 44. c5 1-0

[Event "QA-ANNIV-06"]
[Site "http://www.queenalice.com/game.php?id=884960"]
[Date "2011.1.12"]
[Round "3"]
[White "AntonFleig"]
[Black "marcelouco"]
[Result "1-0"]
[WhiteElo "2046"]
[BlackElo "1658"]

1. e4 e5 2. Nf3 Nc6 3. Bc4 Bc5 4. O-O Nf6 5. Nc3 O-O 6. d3 d6 7. Na4 Nd7 8. Bg5
Nf6 9. Nxc5 dxc5 10. Bd5 Bd7 11. Bxc6 Bxc6 12. Nxe5 Qd6 13. Nxc6 Qxc6 14. Qf3
Nd7 15. Qf5 g6 16. Qh3 c4 17. d4 Nb6 18. Qe3 Na4 19. b3 cxb3 20. axb3 Nb6 21. d5
Qxc2 22. Bf6 Nxd5 23. exd5 Rfe8 24. Qh6 1-0

[Event "QA-ANNIV-05"]
[Site "http://www.queenalice.com/game.php?id=885898"]
[Date "2011.1.13"]
[Round "7"]
[White "jraimundo"]
[Black "AntonFleig"]
[Result "1-0"]
[WhiteElo "2368"]
[BlackElo "2048"]

1. e4 e5 2. Nf3 Nf6 3. Nxe5 d6 4. Nf3 Nxe4 5. d4 d5 6. Bd3 Be7 7. O-O Nc6 8. Re1
Bg4 9. c3 f5 10. Qb3 Na5 11. Qa4+ c6 12. Ne5 Bh5 13. f3 Nd6 14. Bg5 O-O 15. Bxe7
Qxe7 16. Qxa5 Qg5 17. Na3 Rfd8 18. Nc2 a6 19. Ne3 Rac8 20. Rac1 Rf8 21. c4 dxc4
22. Bxc4+ Nxc4 23. N3xc4 Qd8 24. Qc5 Rc7 25. Nb6 Re7 26. d5 cxd5 27. Nxd5 1-0

[Event "QA-ANNIV-05"]
[Site "http://www.queenalice.com/game.php?id=921157"]
[Date "2011.4.3"]
[Round "8"]
[White "AntonFleig"]
[Black "MarcosT"]
[Result "1-0"]
[WhiteElo "2045"]
[BlackElo "1727"]

1. e4 e5 2. Nf3 d6 3. d4 Nf6 4. Nc3 a6 5. dxe5 dxe5 6. Nxe5 Qxd1+ 7. Kxd1 Nbd7
8. Bf4 Nxe5 9. Bxe5 Be6 10. Bxc7 Be7 11. Bd3 O-O 12. Bf4 Bb4 13. Bd2 Rfe8 14. h3
h6 15. e5 Nd5 16. Nxd5 Bxd5 17. Bxb4 Bxg2 18. Re1 Bf3+ 19. Kd2 Rad8 20. Re3 Bh5
21. Rae1 Bg6 22. e6 Rxe6 23. Rxe6 fxe6 24. Rxe6 Bf7 25. Re7 Bg6 26. Rxb7 1-0

[Event "QA-ANNIV-06"]
[Site "http://www.queenalice.com/game.php?id=924328"]
[Date "2011.4.10"]
[Round "4"]
[White "ichtus"]
[Black "AntonFleig"]
[Result "1/2-1/2"]
[WhiteElo "2255"]
[BlackElo "2048"]

1. d4 d5 2. Nf3 Nf6 3. Bg5 e6 4. Nbd2 c5 5. c3 h6 6. Bxf6 Qxf6 7. e3 Nc6 8. Be2
Bd6 9. O-O O-O 10. Nb3 c4 11. Nbd2 b5 12. e4 Be7 13. Re1 Bb7 14. exd5 exd5 15.
Nf1 Rae8 16. Ne3 Rd8 17. b4 a6 18. a4 Qf4 19. axb5 axb5 20. g3 Qd6 21. Nf5 Qf6
22. Nxe7+ Nxe7 23. Ne5 Nc6 24. Ng4 Qd6 25. Bf3 Ra8 26. Ne3 Rxa1 27. Qxa1 Ra8 28.
Qb2 Ne7 29. Ra1 Ra6 30. Ra3 Qg6 31. Rxa6 Qxa6 32. Kf1 Qa8 33. Ke1 Kf8 1/2-1/2

[Event "QA-ANNIV-05"]
[Site "http://www.queenalice.com/game.php?id=953506"]
[Date "2011.6.24"]
[Round "9"]
[White "kingdave"]
[Black "AntonFleig"]
[Result "1/2-1/2"]
[WhiteElo "2067"]
[BlackElo "2058"]

1. e4 e5 2. Nf3 Nc6 3. d4 exd4 4. Nxd4 Qf6 5. Be3 Bc5 6. c3 Nge7 7. g3 O-O 8.
Bg2 Ne5 9. O-O d6 10. h3 Nc4 11. Qe2 Nxe3 12. Qxe3 Nc6 13. Rd1 Bd7 14. a3 Rae8
15. Kh2 d5 16. f3 dxe4 17. fxe4 Re7 18. Qf4 Qxf4 19. gxf4 f6 20. b4 Bd6 21. Ne2
Rfe8 22. Nd2 Bf5 23. Ng3 Be6 24. Rf1 Rd7 25. Rad1 Red8 1/2-1/2

[Event "QA-ANNIV-06"]
[Site "http://www.queenalice.com/game.php?id=966957"]
[Date "2011.7.31"]
[Round "5"]
[White "AntonFleig"]
[Black "razoman"]
[Result "0-1"]
[WhiteElo "2058"]
[BlackElo "1942"]

1. e4 c5 2. Nf3 Nc6 3. d4 cxd4 4. Nxd4 a6 5. Nc3 d6 6. Be2 e5 7. Nb3 h6 8. O-O
Nf6 9. f3 Qb6+ 10. Kh1 Be7 11. Nd5 Nxd5 12. Qxd5 Be6 13. Qd2 O-O-O 14. Qe3 Qxe3
15. Bxe3 Kc7 16. Rac1 Bg5 17. Bxg5 hxg5 18. g4 Rh3 19. Kg2 Rdh8 20. Rh1 Kb6 21.
c4 Kc7 22. c5 Bxb3 23. axb3 Nd4 24. Bd1 R3h6 25. cxd6+ Kxd6 26. Rc3 Kd7 27. b4
Rb6 28. Ba4+ Kd6 29. Rc4 a5 30. Rb1 Rxb4 31. Rxb4 axb4 32. Rc1 b3 33. Rc3 b5 34.
Bxb3 Nxb3 35. Rxb3 Rb8 36. Rc3 b4 37. Rd3+ Ke6 38. b3 f6 39. Kg3 g6 40. h4 gxh4+
41. Kxh4 Rh8+ 42. Kg3 Rc8 43. Rd1 Rc3 44. Rb1 f5 45. gxf5+ gxf5 46. Kf2 f4 47.
Rb2 Kf6 48. Ke2 Kg5 49. Kf2 Kh4 50. Kg2 Re3 51. Rb1 Re2+ 52. Kf1 Rh2 53. Rd1 Kg3
54. Rd3 Rf2+ 0-1

[Event "QA-ANNIV-05"]
[Site "http://www.queenalice.com/game.php?id=983053"]
[Date "2011.9.9"]
[Round "10"]
[White "AntonFleig"]
[Black "phystutordotcom"]
[Result "1-0"]
[WhiteElo "2037"]
[BlackElo "2151"]

1. e4 d6 2. d4 Nf6 3. Nc3 e5 4. Nf3 Nbd7 5. Bc4 Be7 6. O-O O-O 7. Re1 c6 8. a4
Qc7 9. Bg5 h6 10. Bh4 Nb6 11. Be2 exd4 12. Qxd4 Be6 13. a5 Nbd7 14. a6 b5 15.
Red1 Rad8 16. Bg3 Ne8 17. b4 Bf6 18. Qe3 Ne5 19. h3 Bc4 20. Bxe5 Bxe2 21. Bxf6
1-0

[Event "QA-ANNIV-07"]
[Site "http://www.queenalice.com/game.php?id=992172"]
[Date "2011.10.1"]
[Round "2"]
[White "rotwein"]
[Black "AntonFleig"]
[Result "1-0"]
[WhiteElo "2121"]
[BlackElo "2058"]

1. d4 d5 2. c4 e6 3. g3 c6 4. Bg2 Nf6 5. Qc2 Be7 6. Nf3 O-O 7. O-O Na6 8. a3 Nc7
9. Nbd2 b6 10. e4 Bb7 11. e5 Nd7 12. b3 f6 13. Bb2 fxe5 14. Nxe5 Nxe5 15. dxe5
a5 16. f4 Bc5+ 17. Kh1 Qe7 18. Nf3 Qf7 19. Ng5 Qh5 20. Bf3 Qh6 21. h4 Rad8 22.
Rad1 Rd7 23. Kh2 Be7 24. Kg2 Bc5 25. Bg4 Be3 26. Qe2 Bc5 27. f5 Rdd8 28. fxe6
Rxf1 29. Rxf1 Re8 30. Rf7 Re7 31. Qf3 1-0